000 00430nam a2200169Ia 4500
005 20250423100955.0
008 250422s9999 xx 000 0 und d
020 _a0- 922066- 28- 0
050 _aPC 4129 .E5B4/
100 _aCharles Berlitz
245 0 _aSpanish step by step
260 _bWynwood
260 _c1990
300 _a336 p
650 _aSpanish language- textbooks for foreign speakers- English
942 _cBK
999 _c34907
_d34907